| 000 | 00622nam a22001817a 4500 | ||
|---|---|---|---|
| 020 | _qHard Cover. | ||
| 082 | _a330 | ||
| 100 | _aKashif, Hamael | ||
| 245 |
_aShort-run performance of Initial Public Offerings in Pakistan / _cHamael Kashif, Mateen Ahmad and Ridah Haroon. |
||
| 260 |
_aIslamabad: _bS3H - NUST, _c2019. |
||
| 300 |
_a32 p. : _bill. ; _c30cm. |
||
| 563 | _aHB | ||
| 650 |
_aEconomics BS-Project Report. _927430 |
||
| 700 |
_aDr. Muhammad Zubair Mumtaz _918702 |
||
| 856 | _uhttp://10.250.8.41:8080/xmlui/handle/123456789/3222 | ||
| 942 |
_2ddc _cPR |
||
| 999 |
_c533519 _d533519 |
||